| 000 | 00430nab a2200145Ia 4500 | ||
|---|---|---|---|
| 003 | ES-SlBCS | ||
| 005 | 20210601125241.0 | ||
| 008 | 140529s1980 xxu||||| |||| 00| 0 eng d | ||
| 041 | _aeng | ||
| 100 | 1 |
_aKelley, David _9155978 |
|
| 245 | 0 | 4 |
_aThe Specificity of Perception _c David Kelley |
| 650 | 0 | 4 |
_aPercepción _991554 |
| 773 | 0 |
_tPhilosophy and Phenomenological Research _gvol. 40, 1980, págs. 401-405 _wRev1411 |
|
| 942 | _cAR | ||
| 999 |
_c527256 _d527256 |
||